[Event "FRA-ch U12 Girls"]
[Site "Calvi"]
[Date "2005.04.19"]
[Round "4"]
[White "Balliet, Manon"]
[Black "Le Bail, Arielle"]
[Result "0-1"]
[WhiteElo "1450"]
[BlackElo "1650"]
[PlyCount "152"]
[EventDate "2005.04.??"]
[EventType "swiss"]
[EventRounds "9"]
[EventCountry "FRA"]
[SourceTitle "EXT 2006"]
[Source "ChessBase"]
[SourceDate "2005.11.24"]
[SourceVersion "1"]
[SourceVersionDate "2005.11.24"]
[SourceQuality "1"]

1. e4 e6 2. d4 d5 3. e5 c5 4. c3 Nc6 5. Be3 c4 6. Nf3 Bd7 7. Be2 Nge7 8. 0-0 Ng6 9. b4 Be7 10. a4 a6 11. Qd2 0-0 12. Re1 Qe8 13. Na3 f6 14. Nc2 fxe5 15. dxe5 Ncxe5 16. Nxe5 Nxe5 17. Bd4 Ng6 18. Bh5 Bf6 19. Qe3 Bxd4 20. Nxd4 Rf6 21. a5 Qf7 22. Nf3 Qe7 23. Bxg6 Rxg6 24. Rad1 Bc6 25. Ne5 Rh6 26. Nxc6 bxc6 27. g3 Qa7 28. Qe5 Rf8 29. Re2 Rhf6 30. Rdd2 Qb8 31. Qe3 Re8 32. f4 Re7 33. Kg2 Qb5 34. Qe5 Kf7 35. Qh5+ Kg8 36. Qe5 Qb7 37. Kf3 Rf5 38. Qd6 Kf7 39. g4 Rf6 40. g5 Rf5 41. Re5 Qd7 42. Qxd7 Rxd7 43. Rxf5+ exf5 44. h4 Rc7 45. Ke3 Re7+ 46. Kf3 Re1 47. Rc2 Ke6 48. Re2+ Rxe2 49. Kxe2 Kd6 50. Kd2 c5 51. bxc5+ Kxc5 52. Ke3 g6 53. Kd2 d4 54. cxd4+ Kxd4 55. Kc2 Ke4 56. Kc3 Kxf4 57. Kxc4 Ke4 58. Kc5 f4 59. Kb6 f3 60. Kxa6 f2 61. Kb6 f1Q 62. a6 Qxa6+ 63. Kxa6 Kf4 64. Kb6 Kg4 65. Kc6 Kxh4 66. Kd5 Kxg5 67. Ke4 Kg4 68. Ke3 Kg3 69. Ke2 Kg2 70. Ke3 h5 71. Kf4 h4 72. Kg5 h3 73. Kxg6 h2 74. Kf5 h1Q 75. Kf4 Qe1 76. Kg4 Qf2 0-1

[Event "FRA-chT U20 0203"]
[Site "Clichy"]
[Date "2003.01.04"]
[Round "5.10"]
[White "Balliet, Manon"]
[Black "Bensaid, Alexandre"]
[Result "0-1"]
[WhiteElo "1009"]
[BlackElo "1330"]
[PlyCount "22"]
[EventDate "2002.12.??"]
[EventType "team-tourn"]
[EventRounds "11"]
[EventCountry "FRA"]
[SourceTitle "EXT 2004"]
[Source "ChessBase"]
[SourceDate "2003.11.25"]
[SourceVersion "1"]
[SourceVersionDate "2003.11.25"]
[SourceQuality "1"]
[WhiteTeam "Nancy"]
[BlackTeam "Neuilly"]
[WhiteTeamCountry "FRA"]
[BlackTeamCountry "FRA"]

1. e4 e5 2. d4 exd4 3. Qxd4 Nc6 4. Qe3 d6 5. Nc3 Nf6 6. Bd2 Be7 7. 0-0-0 Be6 8. Qg3 0-0 9. Bf4 Nh5 10. Qf3 Nxf4 11. Qxf4 Bg5 0-1

[Event "FRA-chT U20 0203"]
[Site "Clichy"]
[Date "2002.11.30"]
[Round "1.7"]
[White "Netzer, Jacques"]
[Black "Balliet, Manon"]
[Result "1-0"]
[WhiteElo "1640"]
[BlackElo "1009"]
[PlyCount "87"]
[EventDate "2002.12.??"]
[EventType "team-tourn"]
[EventRounds "11"]
[EventCountry "FRA"]
[SourceTitle "EXT 2004"]
[Source "ChessBase"]
[SourceDate "2003.11.25"]
[SourceVersion "1"]
[SourceVersionDate "2003.11.25"]
[SourceQuality "1"]
[WhiteTeam "Bischwiller"]
[BlackTeam "Nancy"]
[WhiteTeamCountry "FRA"]
[BlackTeamCountry "FRA"]

1. e4 e5 2. Nf3 Nc6 3. Bc4 Nd4 4. Nxd4 exd4 5. 0-0 d6 6. c3 Nf6 7. cxd4 Nxe4 8. Re1 d5 9. d3 Bf5 10. dxe4 Bb4 11. exf5+ Bxe1 12. Qxe1+ Qe7 13. Qxe7+ Kxe7 14. Bxd5 Rad8 15. Bf3 Rxd4 16. Be3 Rd3 17. Nc3 Rhd8 18. Re1 Kf8 19. h3 Re8 20. Bc5+ Rd6 21. Bxd6+ cxd6 22. Rxe8+ Kxe8 23. Bxb7 Ke7 24. f4 Kd7 25. Kf2 Kc7 26. Bd5 f6 27. Ke3 a5 28. Kd4 Kb6 29. Bg8 h6 30. Kd5 Kc7 31. Nb5+ Kd7 32. Nxd6 Ke7 33. Nb7 a4 34. Nc5 Kf8 35. Nxa4 Kxg8 36. b4 Kf8 37. b5 Ke8 38. b6 Kd7 39. Nc5+ Kc8 40. Kc6 Kb8 41. Na6+ Ka8 42. b7+ Ka7 43. b8Q+ Kxa6 44. Qb6# 1-0